000 01047nam a2200277Ia 4500
003 OSt
005 20221005110030.0
006 a|||||r|||| 00| 0
007 ta
008 221004b |||||||| |||| 00| 0 mal d
020 _a8126006455 (hbk)
_c525
024 _a93156
037 _b493, 19/03/2009, Vani Prakashan
_cTextual
040 _aCRL
_cCRL
_bmal
041 _2mal
_amal
082 _aO32,3N34x, 152N9
100 _aनायर, एम टी वासुदेवन
_9623841
245 0 _aदूसरी बारी
246 _aDūsarī bārī
260 _aनई दिल्ली
_bसाहित्य अकादेमी भारत
_c1999
300 _a233पृ0
_ccm.
650 _aमलयालम साहित्य
700 _a मणि, के एस, अनु.
_9624035
942 _hO32,3N34x, 152N9
_cTEXL
_2cc
999 _c1017591
_d1017591